000 00739nam a2200229Ia 4500
001 16668
003 GE_BSU
008 181216s||||||||xx |||||||||||||| ||und||
040 _cGE_BSU
080 _a821.353.1-31
100 _aმოდებაძე, ნოდარ
245 _aჭურვები ცაში სკდებიან
245 _bრომანი
245 _cრედ.ზ.ფირცხალაიშვილი.მხ.ა.ლომაძე
260 _aბათუმი
260 _bსაბჭ. აჭარა
260 _c1985
300 _a174გვ. ; 21სმ
653 _aრომანი
653 _aჭურვები ცაში სკდებიან
942 _cBK
999 _c49733
_d49733